000 00434nam a2200169Ia 4500
008 231221s9999 xx 000 0 und d
041 _aEnglish
082 _a621.367 PRA;
100 _aPratt, William K
245 0 _aDigital image processing : PIKs inside
250 _a3rd ed.
260 _c2001
_bJohn Wiley
_aNew York
300 _axix+735
300 _c33366
650 _aDigital,processing,:,PIKs,inside
942 _cCD
999 _c203073
_d203073